| 000 | 00757nam a22002297a 4500 | ||
|---|---|---|---|
| 005 | 20251108164336.0 | ||
| 008 | 250721s1990 xx 000 0 ara d | ||
| 082 | 1 | 4 | _a407/رتش |
| 100 | 1 | _aرتشاردز، جاك | |
| 245 | 1 | 0 |
_aمذاهب و طرائق في تعليم اللغات : _bوصف و تحليل / |
| 264 | 1 |
_aالرياض : _bدار عالم الكتب، _c1990. |
|
| 300 | _a339ص | ||
| 650 | 1 | 7 | _aاللغات |
| 650 | 1 | 7 | _aالتعلم |
| 650 | 1 | 7 | _aالتربية |
| 700 | 1 | _aروجرز، ثيودر | |
| 700 | 1 |
_aصيني، محمود إسماعيل _eترجمة |
|
| 700 | 1 | _aالعبدان، عبد الرحمن عبد العزيز | |
| 700 | 1 | _aعبد الله، عمر الصديق | |
| 942 |
_2ddc _cBK |
||
| 999 |
_c9803 _d9803 |
||